Assassination Classroom - Quiz with Map - Statistics

General Stats
  • This quiz has been taken 248 times
  • The average score is 17 of 28
Answers on the Map
Answers color-coded by a green-red scale on the quiz's map according to % correct below.
 
Answer Stats
# Students % Correct
E-1 Karma Akabane
98%
E-11 Nagisa Shiota
97%
E-7 Kaede Kayano
82%
E-17 Rio Nakamura
75%
E-2 Yuma Isogai
73%
E-28 Itona Horibe
72%
E-16 Ryoma Terasaka
71%
E-27 Ritsu
69%
E-5 Manami Okuda
67%
E-15 Ryunosuke Chiba
65%
E-13 Tomohito Sugino
64%
E-3 Hinata Okano
62%
E-22 Hiroto Maehara
61%
E-9 Justice Kimura
61%
E-6 Meg Kataoka
60%
E-8 Yukiko Kanzaki
58%
E-19 Rinka Hayami
55%
E-4 Taiga Okajima
52%
E-14 Kotaro Takebayashi
51%
E-18 Kirara Hazama
50%
E-25 Toka Yada
50%
E-12 Sosuke Sugaya
49%
E-24 Takuya Muramatsu
48%
E-20 Sumire Hara
46%
E-26 Taisei Yoshida
46%
E-10 Hinano Kurahashi
45%
E-21 Yuzuki Fuwa
43%
E-23 Koki Mimura
42%
No matching quizzes found
Score Distribution
Percent of People with Each Score
Percentile by Number Answered
Your Score History
You have not taken this quiz